000 00495nam a2200229Ia 4500
003 0100
008 130303s9999 xx 000 0 und d
020 _a0192893203
040 _cARRUPELIB
050 _aBC71.P75 2000
100 _aPriest, Graham
245 _aLogic
245 _ba very short introduction
260 _aOxford
260 _bOxford University Press
260 _C2000
300 _a128p.
300 _b 18cm.
650 _aLOGIC
650 _bury
942 0 0 _04
999 _c15828
_d15828